000 00743nam a2200205 u 4500
005 20240910064059.0
008 071109s2006 ag r 000 0 spa d
020 _a9870005861
035 _aUPN01000153483
049 _aCG
050 4 _aHV5135
_bA3.7
100 1 _aAguirre de Kot, Mónica B.
245 1 3 _aLa adolescencia y el alcohol :
_bun libro dirigido a educadores, agentes de salud, líderes sociales y padres /
_cMónica B. Aguirre de Kot ; pról. Julio Villena Aragón.
260 _aBuenos Aires ;
_aMéxico :
_bLumen,
_cc2006.
300 _a124, [2] p. :
_bil.
500 _a"Incluye un programa de prevención desde la escuela primaria"
650 4 _aALCOHOL Y JUVENTUD
_92114
650 4 _aAlcoholismo
_92121
905 _aLibro
999 _c125604
_d125604